|
|
|
|
| LEADER |
02274nam a2200421 a 4500 |
| 001 |
EBC1358594 |
| 003 |
MiAaPQ |
| 005 |
20200520144314.0 |
| 006 |
m o d | |
| 007 |
cr cn||||||||| |
| 008 |
130624s2013 cauab sb 001 0 eng d |
| 010 |
|
|
|z 2013025716
|
| 020 |
|
|
|z 9780804786515 (cloth : alk. paper)
|
| 020 |
|
|
|a 9780804788557 (electronic bk.)
|
| 035 |
|
|
|a (MiAaPQ)EBC1358594
|
| 035 |
|
|
|a (Au-PeEL)EBL1358594
|
| 035 |
|
|
|a (CaPaEBR)ebr10753168
|
| 035 |
|
|
|a (OCoLC)857365060
|
| 040 |
|
|
|a MiAaPQ
|c MiAaPQ
|d MiAaPQ
|
| 043 |
|
|
|a a-np---
|
| 050 |
|
4 |
|a HD8670.9.Z8
|b K374 2013
|
| 082 |
0 |
4 |
|a 331.6/2095496
|2 23
|
| 100 |
1 |
|
|a Hindman, Heather.
|
| 245 |
1 |
0 |
|a Mediating the global
|h [electronic resource] :
|b expatria's forms and consequences in Kathmandu /
|c Heather Hindman.
|
| 260 |
|
|
|a Stanford, Calif. :
|b Stanford University Press,
|c 2013.
|
| 300 |
|
|
|a viii, 277 p. :
|b ill., map.
|
| 504 |
|
|
|a Includes bibliographical references and index.
|
| 505 |
0 |
|
|a Introduction : expatria in Nepal -- Conjunctures of mediations : the historical logics of expatriate Nepal -- Families that fail : the mechanisms and labor of productivity -- Market basket economics : the practice of paperwork and shopping like an expatriate -- The protean expatriate : flexibility and the modern worker -- Saving business from culture : cross-cultural training and multicultural performances -- Living in expatria : institutions and the mobile community -- Conclusion : Kathmandu's twenty-first-century expatria.
|
| 533 |
|
|
|a Electronic reproduction. Ann Arbor, MI : ProQuest, 2015. Available via World Wide Web. Access may be limited to ProQuest affiliated libraries.
|
| 650 |
|
0 |
|a Foreign workers
|z Nepal
|z Kathmandu
|x Social life and customs.
|
| 650 |
|
0 |
|a Professional employees
|z Nepal
|z Kathmandu
|x Social life and customs.
|
| 650 |
|
0 |
|a International agencies
|x Officials and employees
|z Nepal
|z Kathmandu.
|
| 650 |
|
0 |
|a International business enterprises
|z Nepal
|z Kathmandu
|x Employees.
|
| 650 |
|
0 |
|a Labor and globalization
|z Nepal
|z Kathmandu.
|
| 650 |
|
0 |
|a Culture and globalization
|z Nepal
|z Kathmandu.
|
| 655 |
|
4 |
|a Electronic books.
|
| 710 |
2 |
|
|a ProQuest (Firm)
|
| 856 |
4 |
0 |
|u https://ebookcentral.proquest.com/lib/matrademy/detail.action?docID=1358594
|z Click to View
|